000 00548cam a22001934a 4500
005 20250605164309.0
008 250528s ||||||||||||||||||||||||d
035 _a22395
020 _a9789600106343
040 _aGR-AtMCL
_bgre
_dGR-AtMCL
_eAACR2
245 1 _aΗ ΔΥΝΑΜΙΚΗ ΤΗΣ ΑΛΛΗΛΕΠΙΔΡΑΣΗΣ ΣΤΗΝ ΕΠΙΚΟΙΝΩΝΙΑ
250 _a1
260 _bGutenberg,
_c2003
300 _a154
700 1 _aΜπακιρτζης Κωνσταντινος Ν
_98241
942 _cBK
999 _c7448
_d7448